000
00301 a2200109 4500
001
ART_25907
005
20260410161603.0
008
260409a
245
1
0
_a
Lavado de dinero
100
1
_a
Wainstein, Mario
773
0
_t
Profesional & Empresaria
_g
- Año V, Nº 59 (ago. 2004)
_w
REV70
999
_c
9862
_d
9862